| 000 | 00559nam a2200193Ia 4500 | ||
|---|---|---|---|
| 005 | 20250326141606.0 | ||
| 008 | 250326s9999 xx 000 0 und d | ||
| 020 | _a81-202-0320-8 | ||
| 037 | _aTextbook | ||
| 040 |
_aFMSL _beng _cFMSL |
||
| 041 |
_aeng _2eng |
||
| 084 |
_aG:55y7 N1 _qFMSL |
||
| 100 |
_aGupta Ashis _9744741 |
||
| 245 | 0 |
_aEcological nightmares and the management dilemma : case of Bhopal _cGupta Ashis |
|
| 260 |
_aDelhi _bDelhi, Ajanta _c1991 |
||
| 300 | _axi,100 | ||
| 942 |
_cTB _hG:55y7 N1 |
||
| 999 |
_c1291054 _d1291054 |
||